| 000 | 02507cam a22003375i 4500 | ||
|---|---|---|---|
| 001 | 17440553 | ||
| 003 | EG-ScBUE | ||
| 005 | 20250629100239.0 | ||
| 008 | 120824s2015 enka f b 001 0 eng d | ||
| 020 | _a9781107014022 (hardback) | ||
| 040 |
_aEG-ScBUE _beng _erda _cEG-ScBUE _dEG-ScBUE |
||
| 082 | 0 | 4 |
_a537 _bPUR _222 |
| 100 | 1 |
_aPurcell, Edward M., _eauthor. _929602 |
|
| 245 | 1 | 0 |
_aElectricity and magnetism / _cEdward M. Purcell, David J. Morin, Harvard University, Massachusetts. |
| 250 | _aThird edition. | ||
| 264 | 1 |
_aCambridge : _bCambridge University Press, _c2015. |
|
| 300 |
_axxii, 839 pages : _billustrations ; _c25 cm |
||
| 336 |
_2rdacontent _atext _btxt |
||
| 337 |
_aunmediated _2rdamedia _bn |
||
| 338 |
_avolume _bnc _2rdacarrier |
||
| 500 | _aIncludes Appendices. | ||
| 504 | _aIncludes bibliographical references and index. | ||
| 505 | 8 | _aMachine generated contents note: 1. Electrostatics: charges and fields; 2. The electric potential; 3. Electric fields around conductors; 4. Electric currents; 5. The fields of moving charges; 6. The magnetic field; 7. Electromagnetic induction; 8. Alternating-current circuits; 9. Maxwell's equations and electromagnetic waves; 10. Electric fields in matter; 11. Magnetic fields in matter; Appendixes; References; Index. | |
| 520 | _a"For 50 years, Edward M. Purcell's classic textbook has introduced students to the wonders of electricity and magnetism. The third edition has been brought up to date and is now in SI units. It features hundreds of new examples, problems and figures and contains discussions of real-life applications. The textbook covers all the standard introductory topics, such as electrostatics, magnetism, circuits, electromagnetic waves and electric and magnetic fields in matter. Taking a non-traditional approach, magnetism is derived as a relativistic effect. Mathematical concepts are introduced in parallel with the physics topics at hand, making the motivations clear. Macroscopic phenomena are derived rigorously from microscopic phenomena. With worked examples, hundreds of illustrations and nearly 600 end-of-chapter problems and exercises, this textbook is ideal for electricity and magnetism courses. Solutions to the exercises are available for instructors at www.cambridge.org/9781107014022"-- | ||
| 650 | 7 |
_aElectricity. _2BUEsh _929600 |
|
| 650 | 7 |
_aMagnetism. _2BUEsh |
|
| 653 |
_bENGGEN _cMarch2016 |
||
| 655 |
_vReading book _934232 |
||
| 700 | 1 |
_aMorin, David J., _eauthor. |
|
| 942 |
_2ddc _cBB |
||
| 999 |
_c21380 _d21352 |
||